|
|
|
|
| LEADER |
01465nam a2200313 u 4500 |
| 001 |
10020986 |
| 003 |
upatras |
| 005 |
20240413063302.0 |
| 008 |
990322s1997 uk eng |
| 020 |
|
|
|a 0521582245
|
| 040 |
|
|
|a GR-PaULI
|c GR-PaULI
|
| 041 |
0 |
|
|a eng
|
| 082 |
0 |
4 |
|a 415
|
| 100 |
1 |
|
|a Payne, Thomas E.
|9 145248
|
| 245 |
1 |
0 |
|a Describing morphosyntax
|b a guide for field linguists
|c Thomas E. Payne
|
| 260 |
|
|
|a Cambridge
|b Cambridge University Press
|c 1997
|
| 300 |
|
|
|a xvi, 413 p.
|b tab.
|c 22 cm.
|
| 504 |
|
|
|a Includes references and indexes
|
| 650 |
|
0 |
|a Γλωσσολογία
|9 517
|
| 650 |
|
4 |
|a Γραμματική
|9 1160
|
| 650 |
|
4 |
|9 25618
|a Γραμματική, Συγκριτική και γενική
|x Σύνταξη
|
| 650 |
|
4 |
|9 7132
|a Σημασιολογία.
|
| 852 |
|
|
|a GR-PaULI
|b ΠΑΤΡΑ
|b ΒΚΠ
|b ΒΣ1
|k ΑΣΧΞ
|h 415 Ρ
|m 041806
|p 025000005755
|t 1
|
| 852 |
|
|
|a GR-PaULI
|b ΠΑΤΡΑ
|b ΦΙΛΟΛΟΓΙΑ
|k ΑΣΧΞ
|h 415 Ρ
|m 051501
|p 025000068413
|t 2
|
| 942 |
|
|
|2 ddc
|c BK15
|
| 952 |
|
|
|0 0
|1 0
|4 0
|6 415_000000000000000_Ρ
|7 0
|9 181727
|a LISP
|b LISP
|c BSC
|d 2016-04-24
|i 041806
|l 0
|o 415 Ρ
|p 025000005755
|r 2016-04-24 00:00:00
|t 1
|w 2016-04-24
|y BK15
|
| 952 |
|
|
|0 0
|1 0
|2 ddc
|4 0
|6 415_000000000000000_Ρ
|7 0
|9 181728
|a LISP
|b LISP
|c BSC
|d 2016-04-24
|i 051501
|l 1
|o 415 Ρ
|p 025000068413
|r 2023-03-03 00:00:00
|s 2023-02-24
|t 2
|w 2016-04-24
|y BK15
|x Μεταφορά Τμήματος Φιλολογίας
|
| 998 |
|
|
|c ΠΑΝΑΓΟΠΟΥΛΟΥ
|d 1999-03
|
| 999 |
|
|
|c 112323
|d 112323
|